25 Worst Cities in USA to Live in - Statistics

General Stats
  • This quiz has been taken 1,182 times
  • The average score is 10 of 25
Answer Stats
Hint State Answer % Correct
2 Michigan Detroit
92%
1 Florida Miami
85%
9 Ohio Cleveland
72%
12 Mississippi Jackson
62%
7 Tennessee Memphis
62%
14 New York Buffalo
61%
15 Missouri St. Louis
59%
6 Alabama Birmingham
52%
24 Texas Houston
52%
22 Wisconsin Milwaukee
51%
21 Georgia Albany
50%
23 Massachusetts Springfield
40%
8 Michigan Flint
38%
13 Ohio Dayton
34%
10 Indiana Gary
34%
19 Delaware Wilmington
31%
25 New Jersey Camden
27%
20 Ohio Youngstown
15%
18 Illinois Rockford
13%
3 New Jersey Paterson
12%
16 Ohio Canton
10%
5 Massachusetts Fall River
5%
17 New York Mount Vernon
2%
4 California Hawthorne
0%
11 California Westminster
0%
No matching quizzes found
Score Distribution
Percent of People with Each Score
Percentile by Number Answered
Your Score History
You have not taken this quiz